[Event "Online Olym Div3 D"]
[Site "Chess.com INT"]
[Date "2021.08.29"]
[Round "8.1"]
[White "Johnson, Joshua"]
[Black "Franken, Angelo"]
[Result "1-0"]
[WhiteElo "2131"]
[BlackElo "1686"]
[PlyCount "117"]
[EventDate "2021.08.27"]
[EventType "team-tourn (rapid)"]
[EventRounds "9"]
[EventCountry "USA"]
[SourceTitle "CBM 204 Extra"]
[Source "ChessBase"]
[SourceDate "2021.11.30"]
[SourceVersion "1"]
[SourceVersionDate "2021.11.30"]
[SourceQuality "1"]
[WhiteTeam "Trinidad and Tobago"]
[BlackTeam "Aruba"]
[WhiteTeamCountry "TRI"]
[BlackTeamCountry "ARN"]

1. e4 e5 2. Nf3 Nc6 3. Bc4 Bc5 4. c3 Nf6 5. d4 exd4 6. e5 d5 7. Bb5 Nd7 8. cxd4 Bb4+ 9. Nc3 0-0 10. 0-0 Nb6 11. h3 a6 12. Bd3 Be7 13. a3 Be6 14. Bc2 Qd7 15. Qd3 g6 16. Bh6 Bf5 17. Qe2 Rfe8 18. Bb3 Na5 19. Ba2 Nac4 20. Rac1 Be6 21. Ng5 Bf8 22. Bxf8 Rxf8 23. Nd1 h6 24. Nxe6 fxe6 25. Ne3 Nxe3 26. fxe3 Rxf1+ 27. Rxf1 Rf8 28. Rxf8+ Kxf8 29. Bb1 Qf7 30. b3 Nc8 31. Qc2 Kg7 32. e4 c6 33. exd5 exd5 34. Qd2 Ne7 35. Qb4 b5 36. Qd6 Kh7 37. Bd3 h5 38. h4 Nf5 39. Bxf5 Qxf5 40. e6 Qf6 41. Qd7+ Kh6 42. Qxc6 Qxd4+ 43. Kf1 Qd1+ 44. Kf2 Qd2+ 45. Kf3 Qd3+ 46. Kf2 Qd2+ 47. Kg3 Qe3+ 48. Kh2 Qf4+ 49. Kg1 Qe3+ 50. Kf1 Qd3+ 51. Ke1 Qb1+ 52. Kd2 Qe4 53. Qd6 Qd4+ 54. Ke2 Qb2+ 55. Kd3 Qxb3+ 56. Kd4 Qd1+ 57. Kc5 Qc2+ 58. Kb6 Qb1 59. e7 1-0

[Event "Online Olym Div3 D"]
[Site "Chess.com INT"]
[Date "2021.08.28"]
[Round "5.1"]
[White "Franken, Angelo"]
[Black "Mwangupili, Francisco"]
[Result "1/2-1/2"]
[WhiteElo "1686"]
[BlackElo "1874"]
[PlyCount "119"]
[EventDate "2021.08.27"]
[EventType "team-tourn (rapid)"]
[EventRounds "9"]
[EventCountry "USA"]
[SourceTitle "CBM 204 Extra"]
[Source "ChessBase"]
[SourceDate "2021.11.30"]
[SourceVersion "1"]
[SourceVersionDate "2021.11.30"]
[SourceQuality "1"]
[WhiteTeam "Aruba"]
[BlackTeam "Malawi"]
[WhiteTeamCountry "ARN"]
[BlackTeamCountry "MWI"]

1. e4 e5 2. Nf3 Nc6 3. Bb5 Nf6 4. 0-0 Be7 5. Re1 d6 6. h3 0-0 7. d4 exd4 8. Bxc6 bxc6 9. Nxd4 Bb7 10. Nc3 c5 11. Nf5 Qd7 12. Nxe7+ Qxe7 13. Bg5 Qe6 14. Bxf6 Qxf6 15. f3 Bc6 16. Qd2 Rab8 17. b3 h6 18. Rad1 Rfe8 19. Ne2 Qb2 20. c4 Qxd2 21. Rxd2 a5 22. Kf2 a4 23. Rd3 axb3 24. axb3 Rb4 25. Nf4 Reb8 26. Ree3 f6 27. Nd5 Bxd5 28. exd5 Kf7 29. f4 Re8 30. g4 Rbb8 31. Kf3 Ra8 32. f5 Ra1 33. Rxe8 Kxe8 34. Re3+ Kf7 35. Ke4 Rd1 36. Kf4 Rd2 37. Ke4 Rf2 38. Kd3 Rf1 39. Ke2 Rh1 40. Kd3 Rf1 41. Ke2 Rf4 42. Kd3 h5 43. Rg3 Rf1 44. Ke2 Ra1 45. g5 Rb1 46. g6+ Ke7 47. Re3+ Kd7 48. Kf3 Rg1 49. Kf2 Rg5 50. Rf3 c6 51. dxc6+ Kxc6 52. Ke3 d5 53. cxd5+ Kxd5 54. Kf4 h4 55. Re3 Kd6 56. Rd3+ Kc7 57. Rc3 Kd6 58. Rd3+ Kc7 59. Re3 Kd7 60. Rc3 1/2-1/2

[Event "Aruba-ch"]
[Site "Oranjestad"]
[Date "2020.12.05"]
[Round "8"]
[White "Franken, Angelo"]
[Black "Croes, Octavio"]
[Result "0-1"]
[WhiteElo "1696"]
[BlackElo "1801"]
[PlyCount "82"]
[EventDate "2020.11.27"]
[EventType "tourn"]
[EventRounds "9"]
[EventCountry "ARN"]
[SourceTitle "CBM 199 Extra"]
[Source "ChessBase"]
[SourceDate "2021.01.31"]
[SourceVersion "1"]
[SourceVersionDate "2021.01.31"]
[SourceQuality "1"]

1. e4 c5 2. Nf3 d6 3. d4 cxd4 4. Nxd4 Nf6 5. Nc3 a6 6. f4 e5 7. Nf3 exf4 8. Bxf4 Nc6 9. Bd3 Ng4 10. Qd2 Nce5 11. 0-0-0 Nxd3+ 12. cxd3 Be6 13. h3 Nf6 14. Nd4 Rc8 15. Nxe6 fxe6 16. Kb1 Be7 17. g4 0-0 18. e5 Nd5 19. Nxd5 exd5 20. exd6 Bxd6 21. Bxd6 Qxd6 22. Rhf1 Qg3 23. Rxf8+ Rxf8 24. Qg5 Qf3 25. Rc1 Qxd3+ 26. Ka1 h6 27. Qe7 Rf1 28. Qc5 Rxc1+ 29. Qxc1 d4 30. a3 Qe4 31. Qc8+ Kh7 32. Qf5+ Qxf5 33. gxf5 g5 34. fxg6+ Kxg6 35. Kb1 Kf5 36. Kc2 Ke4 37. Kd2 d3 38. h4 h5 39. b3 b6 40. b4 b5 41. Ke1 Ke3 0-1

[Event "Aruba-ch"]
[Site "Oranjestad"]
[Date "2020.12.04"]
[Round "6"]
[White "Franken, Angelo"]
[Black "Stetsenko, Ilya"]
[Result "1/2-1/2"]
[WhiteElo "1696"]
[BlackElo "1596"]
[PlyCount "63"]
[EventDate "2020.11.27"]
[EventType "tourn"]
[EventRounds "9"]
[EventCountry "ARN"]
[SourceTitle "CBM 199 Extra"]
[Source "ChessBase"]
[SourceDate "2021.01.31"]
[SourceVersion "1"]
[SourceVersionDate "2021.01.31"]
[SourceQuality "1"]

1. e4 c6 2. d4 d5 3. e5 Bf5 4. Bd3 Bxd3 5. Qxd3 Qa5+ 6. c3 Qa6 7. Qxa6 Nxa6 8. Ne2 e6 9. 0-0 c5 10. Be3 Rc8 11. f4 Ne7 12. dxc5 Nf5 13. Bf2 Bxc5 14. Bxc5 Nxc5 15. Rf3 h5 16. Na3 Ne4 17. Nb5 a6 18. Nbd4 Nxd4 19. Nxd4 g6 20. Nb3 Kd7 21. Rd1 Nc5 22. Nxc5+ Rxc5 23. Rfd3 Rhc8 24. h4 Ra5 25. a3 Rb5 26. R1d2 Rc4 27. g3 Re4 28. Kf2 Kc6 29. Re3 Rxe3 30. Kxe3 Rc5 31. Rd4 a5 32. Kd3 1/2-1/2

[Event "Aruba-ch"]
[Site "Oranjestad"]
[Date "2020.11.29"]
[Round "5"]
[White "Van den Brink, Peter"]
[Black "Franken, Angelo"]
[Result "1-0"]
[WhiteElo "2180"]
[BlackElo "1696"]
[PlyCount "65"]
[EventDate "2020.11.27"]
[EventType "tourn"]
[EventRounds "9"]
[EventCountry "ARN"]
[SourceTitle "CBM 199 Extra"]
[Source "ChessBase"]
[SourceDate "2021.01.31"]
[SourceVersion "1"]
[SourceVersionDate "2021.01.31"]
[SourceQuality "1"]

1. c4 Nf6 2. g3 e5 3. Bg2 d6 4. Nc3 Be7 5. e4 c5 6. Nge2 Nc6 7. 0-0 a6 8. h3 Nd4 9. Rb1 Bd7 10. b4 Qc7 11. b5 b6 12. a4 a5 13. d3 h6 14. Be3 Nxe2+ 15. Qxe2 0-0-0 16. f4 Rdg8 17. Kf2 exf4 18. gxf4 g5 19. f5 g4 20. Rh1 gxh3 21. Bxh3 d5 22. Nxd5 Qg3+ 23. Kf1 Nxd5 24. cxd5 Bh4 25. Qf2 h5 26. Qxg3 Bxg3 27. Ke2 f6 28. d4 cxd4 29. Bxd4 Re8 30. Kf3 Bc7 31. Bxf6 Rhg8 32. Rhg1 Rxg1 33. Rxg1 1-0

[Event "Aruba-ch"]
[Site "Oranjestad"]
[Date "2020.11.28"]
[Round "2"]
[White "Franken, Angelo"]
[Black "Sagastegui, Thamara"]
[Result "1/2-1/2"]
[WhiteElo "1696"]
[BlackElo "1212"]
[PlyCount "63"]
[EventDate "2020.11.27"]
[EventType "tourn"]
[EventRounds "9"]
[EventCountry "ARN"]
[SourceTitle "CBM 199 Extra"]
[Source "ChessBase"]
[SourceDate "2021.01.31"]
[SourceVersion "1"]
[SourceVersionDate "2021.01.31"]
[SourceQuality "1"]

1. e4 e5 2. Nf3 Nc6 3. Bb5 a6 4. Ba4 d6 5. h3 Nf6 6. d3 Be7 7. c3 b5 8. Bc2 0-0 9. 0-0 h6 10. Re1 Re8 11. Nbd2 Bf8 12. Nf1 d5 13. Ng3 dxe4 14. dxe4 Qxd1 15. Rxd1 Bb7 16. Be3 Bd6 17. Nf5 Rad8 18. a4 Nb8 19. axb5 axb5 20. Nxd6 cxd6 21. Nd2 Nc6 22. Bd3 b4 23. c4 Ra8 24. Nb3 Ne7 25. f3 Bc6 26. Rxa8 Rxa8 27. Ra1 Rxa1+ 28. Nxa1 Nd7 29. Nc2 b3 30. Nb4 Nc5 31. Bxc5 dxc5 32. Na6 1/2-1/2

[Event "ARU-ch"]
[Site "Surfside Marina"]
[Date "2019.06.15"]
[Round "8.2"]
[White "De Mey, Juan Pablo"]
[Black "Franken, Angelo"]
[Result "1/2-1/2"]
[WhiteElo "1812"]
[BlackElo "1855"]
[PlyCount "119"]
[EventDate "2019.06.07"]
[EventType "tourn"]
[EventRounds "9"]
[EventCountry "ARN"]
[SourceTitle "EXT 2024"]
[Source "ChessBase"]
[SourceDate "2023.10.10"]
[SourceVersion "1"]
[SourceVersionDate "2023.10.10"]
[SourceQuality "1"]

1. c4 Nf6 2. Nf3 g6 3. b3 Bg7 4. Bb2 c5 5. h4 Nc6 6. g4 d6 7. g5 Nh5 8. Bxg7 Nxg7 9. Nc3 Bg4 10. Nh2 Bh5 11. Bg2 Nf5 12. Nf3 Rb8 13. Nd5 h6 14. e3 Ne5 15. Nf4 Nxf3+ 16. Bxf3 Bxf3 17. Qxf3 hxg5 18. hxg5 Rxh1+ 19. Qxh1 Kd7 20. Qh7 Qh8 21. Qxh8 Rxh8 22. Ke2 e6 23. a3 Kc6 24. Rg1 a6 25. b4 b6 26. Nd3 Rh4 27. bxc5 bxc5 28. f4 Rh2+ 29. Nf2 d5 30. cxd5+ exd5 31. Kf3 Nd6 32. d3 c4 33. dxc4 Nxc4 34. a4 Rh8 35. Rd1 Rb8 36. e4 Rb3+ 37. Rd3 dxe4+ 38. Kxe4 Rxd3 39. Nxd3 Kd6 40. Kd4 Nb6 41. a5 Nd5 42. Kc4 Ne3+ 43. Kc3 Nd5+ 44. Kd4 Nc7 45. Ne5 Ne6+ 46. Ke4 Nc5+ 47. Ke3 Ke6 48. Nc4 Nb3 49. Ke4 f6 50. gxf6 Kxf6 51. Ne3 Nxa5 52. Nd5+ Kg7 53. Nc7 Nc6 54. Nxa6 Ne7 55. Nc7 Kf6 56. Ne8+ Ke6 57. Nc7+ Kf6 58. Nb5 g5 59. Nd6 gxf4 60. Kxf4 1/2-1/2

[Event "ARU-ch"]
[Site "Surfside Marina"]
[Date "2019.06.15"]
[Round "7.4"]
[White "Franken, Angelo"]
[Black "Stetsenko, Ilya"]
[Result "1/2-1/2"]
[WhiteElo "1855"]
[BlackElo "1464"]
[PlyCount "40"]
[EventDate "2019.06.07"]
[EventType "tourn"]
[EventRounds "9"]
[EventCountry "ARN"]
[SourceTitle "EXT 2024"]
[Source "ChessBase"]
[SourceDate "2023.10.10"]
[SourceVersion "1"]
[SourceVersionDate "2023.10.10"]
[SourceQuality "1"]

1. e4 e6 2. Nf3 d5 3. e5 c5 4. b4 cxb4 5. a3 Nc6 6. axb4 Bxb4 7. c3 Be7 8. d4 Nh6 9. Bd3 Nf5 10. 0-0 Bd7 11. Ba3 a6 12. Bxe7 Ncxe7 13. Na3 Rc8 14. Qd2 0-0 15. Rfb1 b5 16. Nc2 Qb6 17. Ra3 Bc6 18. Na1 Ra8 19. Nb3 Rfb8 20. Nc5 a5 1/2-1/2

[Event "ARU-ch"]
[Site "Surfside Marina"]
[Date "2019.06.08"]
[Round "2"]
[White "Franken, Angelo"]
[Black "Pesqueira, Jose"]
[Result "0-1"]
[WhiteElo "1695"]
[BlackElo "1818"]
[PlyCount "105"]
[EventDate "2019.06.07"]
[EventType "tourn"]
[EventRounds "9"]
[EventCountry "ARN"]
[SourceTitle "EXT 2024"]
[Source "ChessBase"]
[SourceDate "2023.10.10"]
[SourceVersion "1"]
[SourceVersionDate "2023.10.10"]
[SourceQuality "1"]

1. e4 e6 2. Nf3 d5 3. e5 c5 4. b4 cxb4 5. a3 Nc6 6. axb4 Bxb4 7. c3 Ba5 8. d4 Bd7 9. Bd3 h6 10. 0-0 b5 11. Bxb5 Nxe5 12. Qa4 Nxf3+ 13. gxf3 Bb6 14. Na3 Ne7 15. Bxd7+ Qxd7 16. Qxd7+ Kxd7 17. Nc2 Rhc8 18. Bd2 Nc6 19. Ne3 Na5 20. Ra3 g5 21. Rfa1 Nc4 22. Nxc4 Rxc4 23. h4 f6 24. hxg5 hxg5 25. Kg2 Rh8 26. f4 gxf4 27. Bxf4 e5 28. Be3 e4 29. Bf4 Rcc8 30. Rh1 Rcg8+ 31. Bg3 Rxh1 32. Kxh1 f5 33. Be5 Rg4 34. c4 dxc4 35. Rc3 f4 36. Rxc4 Ke6 37. Rc6+ Kd5 38. Rd6+ Kc4 39. Rc6+ Kd5 40. Rd6+ Kc4 41. Rc6+ Kb5 42. Rf6 f3 43. Rh6 Kc4 44. Rc6+ Kd3 45. d5 Bxf2 46. Rc3+ Kd2 47. Rb3 Rh4+ 48. Bh2 Bg3 49. Rb2+ Ke3 50. Rb3+ Kf4 51. d6 Rxh2+ 52. Kg1 Rd2 53. d7 0-1

[Event "Pan American-ch U2000"]
[Site "Carilo Village"]
[Date "2016.10.30"]
[Round "9"]
[White "Franken, Angelo"]
[Black "Zeta, Rodrigo"]
[Result "1-0"]
[WhiteElo "1703"]
[BlackElo "1877"]
[PlyCount "49"]
[EventDate "2016.10.25"]
[EventType "swiss"]
[EventRounds "9"]
[EventCountry "ARG"]
[SourceTitle "EXT 2022"]
[Source "ChessBase"]
[SourceDate "2021.10.06"]
[SourceVersion "1"]
[SourceVersionDate "2021.10.06"]
[SourceQuality "1"]

1. e4 e5 2. Nf3 Nc6 3. Bb5 a6 4. Ba4 Nf6 5. 0-0 Be7 6. d3 b5 7. Bb3 0-0 8. Re1 d6 9. c3 Na5 10. Bc2 c5 11. Nbd2 Nd7 12. Nf1 f5 13. exf5 Rxf5 14. d4 Rf8 15. dxe5 dxe5 16. Qd5+ Kh8 17. Qxa8 Qb6 18. Qe4 Nf6 19. Qe2 Bg4 20. Ng3 h5 21. h3 Bxf3 22. Qxf3 Ng4 23. Qd3 Nf6 24. Rxe5 Bd6 25. Re6 1-0

[Event "Pan American-ch U2000"]
[Site "Carilo Village"]
[Date "2016.10.29"]
[Round "8"]
[White "Franken, Angelo"]
[Black "Avedisian, Alexander"]
[Result "0-1"]
[WhiteElo "1703"]
[BlackElo "1908"]
[PlyCount "28"]
[EventDate "2016.10.25"]
[EventType "swiss"]
[EventRounds "9"]
[EventCountry "ARG"]
[SourceTitle "EXT 2022"]
[Source "ChessBase"]
[SourceDate "2021.10.06"]
[SourceVersion "1"]
[SourceVersionDate "2021.10.06"]
[SourceQuality "1"]

1. e4 c5 2. Nf3 g6 3. d4 cxd4 4. Nxd4 Nc6 5. Nc3 Bg7 6. Nxc6 bxc6 7. Bd3 Nh6 8. 0-0 0-0 9. e5 d6 10. Re1 Ng4 11. e6 Bxe6 12. Rxe6 Nxf2 13. Rxd6 Qb6 14. Rxc6 Nh3+ 0-1

[Event "Pan American-ch U2000"]
[Site "Carilo Village"]
[Date "2016.10.27"]
[Round "4"]
[White "Ortiz, Edgard"]
[Black "Franken, Angelo"]
[Result "1/2-1/2"]
[WhiteElo "1846"]
[BlackElo "1703"]
[PlyCount "63"]
[EventDate "2016.10.25"]
[EventType "swiss"]
[EventRounds "9"]
[EventCountry "ARG"]
[SourceTitle "EXT 2022"]
[Source "ChessBase"]
[SourceDate "2021.10.06"]
[SourceVersion "1"]
[SourceVersionDate "2021.10.06"]
[SourceQuality "1"]

1. d4 Nf6 2. c4 g6 3. Nc3 d5 4. Bf4 c6 5. e3 Bg7 6. Nf3 0-0 7. Bd3 Nbd7 8. 0-0 Re8 9. Rc1 dxc4 10. Bxc4 Nb6 11. Be2 Nfd5 12. Bg3 Bg4 13. Ne4 Nd7 14. Nc5 Nxc5 15. Rxc5 Nf6 16. Bd3 Nd7 17. Rc2 e5 18. dxe5 Nxe5 19. Be2 Qxd1 20. Rxd1 Nxf3+ 21. Bxf3 Be6 22. b3 Rad8 23. Rcd2 Rxd2 24. Rxd2 Bc3 25. Rd3 Bf6 26. Kf1 Bf5 27. Rd6 Be7 28. Rd4 Bf6 29. Rd1 Rd8 30. Rxd8+ Bxd8 31. e4 Be6 32. Be5 1/2-1/2

[Event "Pan American-ch U2000"]
[Site "Carilo Village"]
[Date "2016.10.26"]
[Round "3"]
[White "Franken, Angelo"]
[Black "Ardiles, Manuel"]
[Result "1/2-1/2"]
[WhiteElo "1703"]
[BlackElo "1932"]
[PlyCount "102"]
[EventDate "2016.10.25"]
[EventType "swiss"]
[EventRounds "9"]
[EventCountry "ARG"]
[SourceTitle "EXT 2022"]
[Source "ChessBase"]
[SourceDate "2021.10.06"]
[SourceVersion "1"]
[SourceVersionDate "2021.10.06"]
[SourceQuality "1"]

1. e4 c5 2. Nf3 Nc6 3. Bb5 e6 4. 0-0 Be7 5. d4 cxd4 6. Nxd4 Nf6 7. Re1 0-0 8. Nc3 Qc7 9. Nxc6 dxc6 10. Bd3 e5 11. a3 Be6 12. Bg5 Rfd8 13. Rb1 Qb6 14. Be3 c5 15. Qc1 Ng4 16. Be2 Nxe3 17. Qxe3 a6 18. Nd5 Bxd5 19. exd5 Rxd5 20. Bc4 Rd4 21. b3 Bf6 22. Rbd1 Rad8 23. Rd3 Qc6 24. c3 R4d7 25. Red1 b5 26. Rxd7 Rxd7 27. Rxd7 Qxd7 28. Be2 Qe7 29. Qe4 Qd8 30. Bf3 a5 31. Qa8 Kf8 32. Qxd8+ Bxd8 33. c4 a4 34. bxa4 bxc4 35. Be4 Ke7 36. Kf1 Ke6 37. g4 g6 38. f3 f5 39. gxf5+ gxf5 40. Bc2 Kf6 41. Kf2 Kg5 42. Kg3 Bc7 43. Kg2 Kf4 44. Kf2 h6 45. Ke2 e4 46. fxe4 fxe4 47. Bd1 Bd8 48. Bc2 Ke5 49. Ke3 Bg5+ 50. Ke2 Bd8 51. Ke3 Bg5+ 1/2-1/2

[Event "Oranjestad Aruba Challenge op"]
[Site "Oranjestad"]
[Date "2016.10.08"]
[Round "5.7"]
[White "Arbona Avila, Zaily M"]
[Black "Franken, Angelo"]
[Result "0-1"]
[WhiteElo "1533"]
[BlackElo "1703"]
[PlyCount "62"]
[EventDate "2016.10.06"]
[EventType "swiss"]
[EventRounds "7"]
[EventCountry "ARN"]
[SourceTitle "EXT 2024"]
[Source "ChessBase"]
[SourceDate "2023.10.10"]
[SourceVersion "1"]
[SourceVersionDate "2023.10.10"]
[SourceQuality "1"]

1. e4 e5 2. Nf3 Nc6 3. Bb5 Nf6 4. d3 d6 5. 0-0 Be7 6. c3 0-0 7. Nbd2 a6 8. Ba4 b5 9. Bb3 Na5 10. Bc2 c5 11. Re1 Bg4 12. h3 Bh5 13. Nf1 Qc7 14. Ng3 Bg6 15. Be3 d5 16. exd5 Nxd5 17. Nxe5 Qxe5 18. Bxc5 Qc7 19. Bxe7 Nxe7 20. Qf3 Nac6 21. Ne4 Nf5 22. Rad1 Ncd4 23. cxd4 Qxc2 24. d5 Qxb2 25. g4 Nh6 26. d6 f5 27. Ng5 fxg4 28. Qd5+ Kh8 29. d7 Qxf2+ 30. Kh1 gxh3 31. Nxh3 Qf3+ 0-1

[Event "Oranjestad Aruba Challenge op"]
[Site "Oranjestad"]
[Date "2016.10.07"]
[Round "3.6"]
[White "Maduro, Sherman"]
[Black "Franken, Angelo"]
[Result "1-0"]
[WhiteElo "2013"]
[BlackElo "1703"]
[PlyCount "45"]
[EventDate "2016.10.06"]
[EventType "swiss"]
[EventRounds "7"]
[EventCountry "ARN"]
[SourceTitle "EXT 2024"]
[Source "ChessBase"]
[SourceDate "2023.10.10"]
[SourceVersion "1"]
[SourceVersionDate "2023.10.10"]
[SourceQuality "1"]

1. e4 e5 2. Nf3 Nc6 3. Bb5 Nf6 4. 0-0 Nxe4 5. Re1 Nd6 6. Nxe5 Be7 7. Ba4 0-0 8. d4 Nf5 9. c3 Nxe5 10. Rxe5 d6 11. Re1 Bd7 12. Bc2 Bg5 13. f4 Bh4 14. g3 Nxg3 15. hxg3 Bxg3 16. Bxh7+ Kh8 17. Qh5 Qh4 18. Qxh4 Bxh4 19. Re2 Rae8 20. Be4 Kg8 21. Nd2 d5 22. Nf3 Bg4 23. Bh7+ 1-0

[Event "Oranjestad Aruba Challenge op"]
[Site "Oranjestad"]
[Date "2016.10.06"]
[Round "1.3"]
[White "Molina Sumoza, Jesus Alberto"]
[Black "Franken, Angelo"]
[Result "1-0"]
[WhiteElo "2164"]
[BlackElo "1703"]
[PlyCount "47"]
[EventDate "2016.10.06"]
[EventType "swiss"]
[EventRounds "7"]
[EventCountry "ARN"]
[SourceTitle "EXT 2024"]
[Source "ChessBase"]
[SourceDate "2023.10.10"]
[SourceVersion "1"]
[SourceVersionDate "2023.10.10"]
[SourceQuality "1"]

1. e4 e5 2. Nf3 Nc6 3. Bb5 Nf6 4. d4 exd4 5. 0-0 Be7 6. Re1 0-0 7. e5 Ne8 8. c3 a6 9. Ba4 b5 10. Bc2 dxc3 11. Nxc3 g6 12. Nd5 Bb7 13. Be4 d6 14. Bh6 Ng7 15. Rc1 Na5 16. e6 f5 17. Nxe7+ Qxe7 18. Bg5 Qe8 19. Bxb7 Nxb7 20. Rxc7 Qb8 21. Rxg7+ Kxg7 22. Qd4+ Kg8 23. Bh6 Rc8 24. Qg7# 1-0